Eurasian Countries - Statistics

General Stats
  • This quiz has been taken 94 times
  • The average score is 6 of 7
Answer Stats
Answer % Correct
Russia
94%
Turkey
94%
Armenia
92%
Georgia
92%
Azerbaijan
86%
Cyprus
76%
Kazakhstan
76%
No matching quizzes found
Score Distribution
Percent of People with Each Score
Percentile by Number Answered
Your Score History
You have not taken this quiz